00349nam a2200133Ia 4500008004100000041001200041082001100053100001500064245006400079260003800143300000800181650000800189700001800197221030s9999 xx 000 0 und d aEnglish a105.23 aJ. Millman 0aElectronic Devices & Circuitscby J. Millman, C. C. Halkias bMcGraw Hill Pub.aNew Delhic1987 a752 aECE aC. C. Halkias